[Event "Oberliga Ost B 2018 2019"]
[Site "?"]
[Date "2018.10.21"]
[Round "1.1"]
[White "Kuznecovs, Nikita"]
[Black "Teske, Henrik"]
[Result "0-1"]
[WhiteElo "2226"]
[BlackElo "2483"]
[PlyCount "88"]
[EventDate "2018.10.21"]
[EventType "team-tourn"]
[EventCountry "GER"]
[WhiteTeam "Stadtilm SG BW"]
[BlackTeam "Erfurt SV Empor"]
[WhiteTeamCountry "GER"]
[BlackTeamCountry "GER"]

1. d4 Nf6 2. Nf3 d5 3. Bf4 Bg4 4. c4 dxc4 5. Ne5 Bh5 6. Qa4+ c6 7. Qxc4 Nd5 8.
Bd2 Nd7 9. e4 N5b6 10. Qc2 e6 11. Bc3 Rc8 12. Nxd7 Qxd7 13. a4 Be7 14. Nd2 O-O
15. Nb3 Rfd8 16. a5 Na8 17. Bc4 Nc7 18. O-O Nb5 19. f3 Bg6 20. Rfd1 Nxc3 21.
Qxc3 Qc7 22. Be2 h6 23. Rac1 Bd6 24. e5 Be7 25. f4 Be4 26. g4 b6 27. a6 Qd7 28.
Bf3 Qd5 29. Be2 Bg6 30. Bf3 Be4 31. Be2 f5 32. Bc4 Qd7 33. Qe3 Rf8 34. gxf5
Bxf5 35. Rd2 Rf7 36. Bf1 g5 37. Rg2 Kh7 38. Re1 Rg8 39. fxg5 Bxg5 40. Qg3 Rfg7
41. Qf3 Qd5 42. Qxd5 cxd5 43. Ree2 Bd3 44. h4 Bxe2 0-1

[Event "Oberliga Ost B 2018 2019"]
[Site "?"]
[Date "2018.10.21"]
[Round "1.2"]
[White "Langheinrich, Ferenc"]
[Black "Siebarth, Raiko"]
[Result "1/2-1/2"]
[WhiteElo "2376"]
[BlackElo "2260"]
[PlyCount "49"]
[EventDate "2018.10.21"]
[EventType "team-tourn"]
[EventCountry "GER"]
[WhiteTeam "Erfurt SV Empor"]
[BlackTeam "Stadtilm SG BW"]
[WhiteTeamCountry "GER"]
[BlackTeamCountry "GER"]

1. b3 e5 2. Bb2 Nc6 3. d3 g6 4. Nf3 Bg7 5. c4 d6 6. e3 Nge7 7. a3 O-O 8. Qc2 h6
9. h4 Be6 10. Nbd2 a6 11. Be2 Qd7 12. O-O-O f5 13. d4 e4 14. d5 exf3 15. Nxf3
Ne5 16. Nxe5 dxe5 17. dxe6 Qxe6 18. Rd2 Rad8 19. Rhd1 Rxd2 20. Qxd2 e4 21. Bxg7
Kxg7 22. Qb2+ Kh7 23. g3 Nc6 24. Rd5 Rd8 25. Rxd8 1/2-1/2

[Event "Oberliga Ost B 2018 2019"]
[Site "?"]
[Date "2018.10.21"]
[Round "1.3"]
[White "Schneider, Christian"]
[Black "Urban, Lars"]
[Result "1/2-1/2"]
[WhiteElo "2205"]
[BlackElo "2182"]
[PlyCount "124"]
[EventDate "2018.10.21"]
[EventType "team-tourn"]
[EventCountry "GER"]
[WhiteTeam "Stadtilm SG BW"]
[BlackTeam "Erfurt SV Empor"]
[WhiteTeamCountry "GER"]
[BlackTeamCountry "GER"]

1. c4 e6 2. Nf3 d5 3. g3 Nd7 4. Bg2 dxc4 5. Qa4 a6 6. Qxc4 b5 7. Qc2 Bb7 8. O-O
Ngf6 9. d4 c5 10. Bg5 Rc8 11. Qd1 Qb6 12. Nbd2 cxd4 13. Nb3 Bd6 14. Qxd4 Qxd4
15. Nfxd4 Bxg2 16. Kxg2 Nb6 17. Bxf6 gxf6 18. Rac1 O-O 19. Na5 Na4 20. Nb7 Be5
21. Nc6 Kg7 22. b3 Nc3 23. Nxe5 fxe5 24. Rc2 Rc7 25. Rfc1 b4 26. Nd6 f5 27. a3
a5 28. Nc4 Nd5 29. Nxa5 Rxc2 30. Rxc2 bxa3 31. Ra2 Nc3 32. Rxa3 Nxe2 33. Nc4 e4
34. Ra7+ Rf7 35. Rxf7+ Kxf7 36. b4 Ke7 37. f3 Nd4 38. fxe4 fxe4 39. Kf2 Kd7 40.
Ke3 Nc2+ 41. Kxe4 Nxb4 42. Kf4 Ke7 43. Kg5 Nd5 44. Kh6 Nf6 45. Kg7 h5 46. Ne5
Ne8+ 47. Kg6 Kd6 48. Nf3 e5 49. Kxh5 e4 50. Ng1 Ke5 51. Kg5 Nf6 52. h4 e3 53.
h5 Nh7+ 54. Kg6 Nf8+ 55. Kf7 Nh7 56. Ne2 Kf5 57. Kg7 Nf6 58. h6 Kg5 59. Kf7 Nh7
60. Kg7 Nf6 61. Kf7 Nh7 62. Kg7 Nf6 1/2-1/2

[Event "Oberliga Ost B 2018 2019"]
[Site "?"]
[Date "2018.10.21"]
[Round "1.4"]
[White "Weishaeutel, Moritz"]
[Black "George, Tom"]
[Result "1-0"]
[WhiteElo "2241"]
[BlackElo "2204"]
[PlyCount "81"]
[EventDate "2018.10.21"]
[EventType "team-tourn"]
[EventCountry "GER"]
[WhiteTeam "Erfurt SV Empor"]
[BlackTeam "Stadtilm SG BW"]
[WhiteTeamCountry "GER"]
[BlackTeamCountry "GER"]

1. e4 e5 2. Nf3 Nc6 3. Bb5 a6 4. Bxc6 dxc6 5. O-O Bg4 6. h3 h5 7. d3 Qf6 8. Be3
Bxf3 9. Qxf3 Qxf3 10. gxf3 Bd6 11. Nd2 f6 12. Nc4 g5 13. h4 Ne7 14. hxg5 fxg5
15. Kh2 Rg8 16. Rg1 g4 17. fxg4 hxg4 18. Rg3 Kd7 19. Rag1 Rh8+ 20. Kg2 Rag8 21.
Kf1 b5 22. Nd2 Rh4 23. f3 Rgh8 24. Rxg4 Rxg4 25. Rxg4 Rh1+ 26. Rg1 Rh2 27. Bf2
a5 28. Ke1 a4 29. Nf1 Rh3 30. Ke2 a3 31. b3 c5 32. Rg5 Nc6 33. c3 Rh1 34. f4
Na5 35. fxe5 Nxb3 36. exd6 Nc1+ 37. Kd2 Rxf1 38. Bxc5 Nxa2 39. Rg7+ Kc8 40. d7+
Kd8 41. Be3 1-0

[Event "Oberliga Ost B 2018 2019"]
[Site "?"]
[Date "2018.10.21"]
[Round "1.5"]
[White "Siebarth, Marco"]
[Black "Michalowski, Peter"]
[Result "1/2-1/2"]
[WhiteElo "1986"]
[BlackElo "2099"]
[PlyCount "76"]
[EventDate "2018.10.21"]
[EventType "team-tourn"]
[EventCountry "GER"]
[WhiteTeam "Stadtilm SG BW"]
[BlackTeam "Erfurt SV Empor"]
[WhiteTeamCountry "GER"]
[BlackTeamCountry "GER"]

1. e4 c5 2. Nf3 d6 3. d4 cxd4 4. Nxd4 Nf6 5. Nc3 a6 6. a4 Nc6 7. Nde2 g6 8. g3
Bg7 9. Bg2 O-O 10. O-O Be6 11. h3 Qc7 12. Be3 Rab8 13. Nd5 Bxd5 14. exd5 Ne5
15. b3 Rfc8 16. Nd4 Qc3 17. Ra2 Ned7 18. a5 Nc5 19. Ne2 Qb4 20. Bd2 Qb5 21. Nd4
Qd7 22. Ne2 Nce4 23. Be1 e6 24. f3 Nc5 25. b4 Na4 26. dxe6 fxe6 27. c3 b5 28.
axb6 Nxb6 29. Rxa6 Nfd5 30. Qd3 Nc4 31. Bf2 Rxb4 32. f4 Nb2 33. Qd2 Nc4 34. Qe1
Rb2 35. Ra7 Rc7 36. Ra8+ Rc8 37. Ra7 Rc7 38. Ra8+ Rc8 1/2-1/2

[Event "Oberliga Ost B 2018 2019"]
[Site "?"]
[Date "2018.10.21"]
[Round "1.7"]
[White "Neubauer, Andreas"]
[Black "Schmuck, Helmut"]
[Result "1-0"]
[WhiteElo "2161"]
[BlackElo "2109"]
[PlyCount "67"]
[EventDate "2018.10.21"]
[EventType "team-tourn"]
[EventCountry "GER"]
[WhiteTeam "Stadtilm SG BW"]
[BlackTeam "Erfurt SV Empor"]
[WhiteTeamCountry "GER"]
[BlackTeamCountry "GER"]

1. c4 e5 2. d3 Nf6 3. Nc3 d5 4. cxd5 Nxd5 5. Nf3 Nxc3 6. bxc3 Nc6 7. g3 Be7 8.
Bg2 O-O 9. O-O Be6 10. Qa4 f6 11. Rb1 Rb8 12. Be3 a6 13. Rb2 Qc8 14. Rfb1 b5
15. Qe4 Qd7 16. Ng5 fxg5 17. Qxc6 Qxc6 18. Bxc6 Ba3 19. Rc2 h6 20. f3 Rbd8 21.
Bb7 Rd6 22. c4 bxc4 23. Rc3 cxd3 24. Rxa3 dxe2 25. Re1 Bc4 26. g4 Rd1 27. Bf2
Rb8 28. Be4 Rb2 29. Rc3 Bxa2 30. Rxc7 Bb1 31. Kg2 a5 32. Ra7 Ra2 33. Bxb1 Ra1
34. Bg6 1-0

[Event "Oberliga Ost B 2018 2019"]
[Site "?"]
[Date "2018.10.21"]
[Round "1.8"]
[White "Pichl, Michael"]
[Black "Wolf, Philipp"]
[Result "1/2-1/2"]
[WhiteElo "2051"]
[BlackElo "1906"]
[PlyCount "133"]
[EventDate "2018.10.21"]
[EventType "team-tourn"]
[EventCountry "GER"]
[WhiteTeam "Erfurt SV Empor"]
[BlackTeam "Stadtilm SG BW"]
[WhiteTeamCountry "GER"]
[BlackTeamCountry "GER"]

1. g3 c5 2. Bg2 Nc6 3. c4 g6 4. Nc3 Bg7 5. a3 e6 6. Nf3 Nge7 7. d3 d5 8. Bd2
O-O 9. O-O b6 10. Rb1 a5 11. Nb5 Ba6 12. b4 axb4 13. axb4 Bxb5 14. cxb5 Nxb4
15. Bxb4 cxb4 16. Rxb4 Ra5 17. Qb3 Qd7 18. Rb1 Rfa8 19. d4 Qc7 20. Qd1 Qd6 21.
R4b3 Ra4 22. e3 Rc8 23. Bf1 Qc7 24. Bd3 Nf5 25. R3b2 Ra3 26. Ne1 Nd6 27. Nc2
Rc3 28. Nb4 Nc4 29. Ra2 Na5 30. Na6 Qd6 31. Rxa5 bxa5 32. b6 Rb8 33. Nxb8 Qxb8
34. b7 Bf8 35. Ba6 Bb4 36. Rc1 Rc7 37. Rxc7 Qxc7 38. Qa4 Kf8 39. Qb5 Bd6 40.
Kg2 Ke7 41. h4 h5 42. Qb1 a4 43. e4 dxe4 44. Qxe4 Qb6 45. Bc4 a3 46. Kh3 Qa5
47. Qc6 Qc7 48. Qb5 Kf8 49. Ba2 Kg7 50. Qb1 Qd8 51. Qe4 Qb6 52. Kg2 Qb2 53. Qb1
Qxb1 54. Bxb1 Kf6 55. Kf3 Ke7 56. Ke4 Kd7 57. Ba2 Kc7 58. f4 Kxb7 59. d5 f5+
60. Kd4 exd5 61. Kxd5 Bb4 62. Ke6 Be1 63. Kf7 Bxg3 64. Kxg6 Bxf4 65. Kxf5 Bg3
66. Kg5 Bxh4+ 67. Kxh4 1/2-1/2

[Event "Oberliga Ost B 2018 2019"]
[Site "?"]
[Date "2018.10.21"]
[Round "1.1"]
[White "Wehner, Janis"]
[Black "Henrich, Thomas"]
[Result "1/2-1/2"]
[WhiteElo "2164"]
[BlackElo "2210"]
[PlyCount "73"]
[EventDate "2018.10.21"]
[EventType "team-tourn"]
[EventCountry "GER"]
[WhiteTeam "Erfurt SV Medizin"]
[BlackTeam "Marburg SK"]
[WhiteTeamCountry "GER"]
[BlackTeamCountry "GER"]

1. e4 c6 2. d4 d5 3. e5 Bf5 4. Nf3 e6 5. Be2 Ne7 6. O-O Nd7 7. Nbd2 h6 8. c4
dxc4 9. Bxc4 Nb6 10. Be2 Ned5 11. Nb3 Be7 12. Bd2 O-O 13. Rc1 Na4 14. Na5 Nxb2
15. Qb3 Qb6 16. Nxb7 Rfb8 17. Nc5 Bxc5 18. Rxc5 Qxb3 19. axb3 Rxb3 20. Rxc6 a5
21. Ra1 a4 22. Bc1 a3 23. Nd2 Rbb8 24. Ra6 Rxa6 25. Bxa6 Rb4 26. Rxa3 Rxd4 27.
Rb3 Na4 28. Be2 Nac3 29. Bf3 Na2 30. Rb8+ Kh7 31. Nb3 Rd3 32. Ba3 Nab4 33. Bxb4
Rxb3 34. Bd6 Rc3 35. h4 Nf4 36. Rb7 Bg6 37. Rc7 1/2-1/2

[Event "Oberliga Ost B 2018 2019"]
[Site "?"]
[Date "2018.10.21"]
[Round "1.2"]
[White "Alber, Horst"]
[Black "Jakob, Matthias"]
[Result "1-0"]
[WhiteElo "2284"]
[BlackElo "2104"]
[PlyCount "61"]
[EventDate "2018.10.21"]
[EventType "team-tourn"]
[EventCountry "GER"]
[WhiteTeam "Marburg SK"]
[BlackTeam "Erfurt SV Medizin"]
[WhiteTeamCountry "GER"]
[BlackTeamCountry "GER"]

1. d4 Nc6 2. c4 Nf6 3. Nc3 e5 4. d5 Ne7 5. e4 Ng6 6. Be3 Bb4 7. f3 Bxc3+ 8.
bxc3 d6 9. Qd2 b6 10. h4 h5 11. Ne2 Bd7 12. Ng3 Qc8 13. O-O-O Qa6 14. Qb2 Qc8
15. Kb1 Ng8 16. Nf5 N6e7 17. Nxg7+ Kf8 18. Nxh5 Rxh5 19. g4 Bxg4 20. fxg4 Qxg4
21. Bd3 Rxh4 22. Qf2 Rxh1 23. Rxh1 Ng6 24. Rg1 Qh5 25. Be2 Qh7 26. Bg4 N8e7 27.
Qf3 Re8 28. Be6 Ng8 29. Bf5 Ke7 30. Bg5+ f6 31. Be3 1-0

[Event "Oberliga Ost B 2018 2019"]
[Site "?"]
[Date "2018.10.21"]
[Round "1.3"]
[White "Kirschbaum, Gunnar"]
[Black "Rolle, Eric"]
[Result "0-1"]
[WhiteElo "2142"]
[BlackElo "2207"]
[PlyCount "54"]
[EventDate "2018.10.21"]
[EventType "team-tourn"]
[EventCountry "GER"]
[WhiteTeam "Erfurt SV Medizin"]
[BlackTeam "Marburg SK"]
[WhiteTeamCountry "GER"]
[BlackTeamCountry "GER"]

1. d4 Nf6 2. c4 e6 3. Nc3 d5 4. Bg5 Be7 5. e3 O-O 6. Nf3 a6 7. cxd5 exd5 8. Qc2
Nbd7 9. Bd3 h6 10. Bh4 c5 11. dxc5 Nxc5 12. O-O Be6 13. Rac1 Rc8 14. Qb1 Nfe4
15. Bxe7 Qxe7 16. Rfd1 Qf6 17. Bf1 Nxc3 18. Rxc3 Bf5 19. Qa1 Ne4 20. Rxc8 Rxc8
21. Rc1 Re8 22. Rc7 Bg4 23. Be2 d4 24. exd4 Nd2 25. Ne5 Bxe2 26. Qe1 Rxe5 27.
dxe5 Nf3+ 0-1

[Event "Oberliga Ost B 2018 2019"]
[Site "?"]
[Date "2018.10.21"]
[Round "1.4"]
[White "Duncker, Joachim"]
[Black "Mueller Ludwig, Kristin"]
[Result "1/2-1/2"]
[WhiteElo "2199"]
[BlackElo "2005"]
[PlyCount "67"]
[EventDate "2018.10.21"]
[EventType "team-tourn"]
[EventCountry "GER"]
[WhiteTeam "Marburg SK"]
[BlackTeam "Erfurt SV Medizin"]
[WhiteTeamCountry "GER"]
[BlackTeamCountry "GER"]

1. e4 e6 2. d4 d5 3. exd5 exd5 4. Bd3 Bd6 5. Qf3 Nc6 6. c3 Be6 7. Ne2 Qf6 8.
Bf4 O-O-O 9. Nd2 Nh6 10. Bxd6 Qxf3 11. Nxf3 Rxd6 12. O-O-O Bf5 13. Bxf5+ Nxf5
14. g4 Nh6 15. h3 Rf6 16. Rd3 Rd6 17. Ng3 Re8 18. g5 Ng8 19. Nf5 Rg6 20. N3h4
Rge6 21. Nxg7 Re1+ 22. Rxe1 Rxe1+ 23. Kd2 Ra1 24. Rf3 Nd8 25. Re3 Kd7 26. Nhf5
Ne6 27. Nxe6 fxe6 28. Ng7 Rxa2 29. Nxe6 Rxb2+ 30. Ke1 a5 31. Nc5+ Kd8 32. Ne6+
Kd7 33. Nf8+ Kd8 34. Ne6+ 1/2-1/2

[Event "Oberliga Ost B 2018 2019"]
[Site "?"]
[Date "2018.10.21"]
[Round "1.5"]
[White "Reichel, Norbert"]
[Black "Neidhardt, Helge"]
[Result "0-1"]
[WhiteElo "2108"]
[BlackElo "2087"]
[PlyCount "92"]
[EventDate "2018.10.21"]
[EventType "team-tourn"]
[EventCountry "GER"]
[WhiteTeam "Erfurt SV Medizin"]
[BlackTeam "Marburg SK"]
[WhiteTeamCountry "GER"]
[BlackTeamCountry "GER"]

1. d4 Nf6 2. Nf3 e6 3. c4 b6 4. g3 Ba6 5. Qc2 c5 6. dxc5 Bxc5 7. Bg2 Nc6 8. a3
Bb7 9. O-O O-O 10. Nc3 Rc8 11. b3 Nd4 12. Nxd4 Bxg2 13. Nxe6 fxe6 14. Kxg2 d5
15. Qd3 dxc4 16. bxc4 Qe7 17. Bb2 Rcd8 18. Qc2 Rd4 19. Nb5 Qb7+ 20. Kg1 Rd7 21.
Rad1 Rxd1 22. Qxd1 Ng4 23. Nd4 Rd8 24. Qa1 Qe4 25. h3 Nxf2 26. Rxf2 Rxd4 27.
Bxd4 Bxd4 28. Qf1 Bxf2+ 29. Qxf2 Qxc4 30. Qf3 Qd5 31. Qg4 h6 32. Kh2 b5 33. h4
a5 34. Qg6 Kf8 35. Qc2 Qc4 36. Qd2 Qc7 37. h5 Kg8 38. Qd3 b4 39. axb4 axb4 40.
Qe4 Qe7 41. Qa8+ Qf8 42. Qa2 Qf2+ 43. Kh3 Qf5+ 44. g4 Qe4 45. Qb3 Kf7 46. Qg3
Qh1+ 0-1

[Event "Oberliga Ost B 2018 2019"]
[Site "?"]
[Date "2018.10.21"]
[Round "1.6"]
[White "Nekhamkis, Genadi"]
[Black "Nguyen, Ha Thanh"]
[Result "1-0"]
[WhiteElo "2129"]
[BlackElo "1864"]
[PlyCount "81"]
[EventDate "2018.10.21"]
[EventType "team-tourn"]
[EventCountry "GER"]
[WhiteTeam "Marburg SK"]
[BlackTeam "Erfurt SV Medizin"]
[WhiteTeamCountry "GER"]
[BlackTeamCountry "GER"]

1. e4 c5 2. d4 cxd4 3. c3 Nf6 4. e5 Nd5 5. Bc4 Nb6 6. Bb3 e6 7. Nf3 d6 8. cxd4
N8d7 9. O-O dxe5 10. dxe5 Be7 11. Qe2 O-O 12. Nc3 a6 13. Rd1 Qc7 14. Be3 Nc5
15. Bc2 f5 16. exf6 Bxf6 17. Ne4 Nxe4 18. Bxe4 Na4 19. Bd4 Bxd4 20. Rxd4 Nb6
21. Ng5 g6 22. Rad1 Qe7 23. h4 Qf6 24. Rd6 Na4 25. R1d2 Nc5 26. Bc2 h6 27. Nf3
b5 28. Qe3 Nb7 29. Rb6 Qg7 30. Bb3 Nd8 31. Nd4 Ra7 32. Nxe6 Nxe6 33. Bxe6+ Kh8
34. Bxc8 Rxc8 35. Rxg6 Qxg6 36. Qxa7 Rg8 37. Qd4+ Rg7 38. g3 Qb1+ 39. Kh2 Qxa2
40. Qf6 Qb1 41. Qxh6+ 1-0

[Event "Oberliga Ost B 2018 2019"]
[Site "?"]
[Date "2018.10.21"]
[Round "1.7"]
[White "Grund, Sebastian"]
[Black "Heiling, Thomas"]
[Result "0-1"]
[WhiteElo "1992"]
[BlackElo "2226"]
[PlyCount "86"]
[EventDate "2018.10.21"]
[EventType "team-tourn"]
[EventCountry "GER"]
[WhiteTeam "Erfurt SV Medizin"]
[BlackTeam "Marburg SK"]
[WhiteTeamCountry "GER"]
[BlackTeamCountry "GER"]

1. d4 Nf6 2. Nf3 g6 3. c4 Bg7 4. g3 O-O 5. Bg2 d6 6. O-O Nbd7 7. Nc3 e5 8. e4
c6 9. h3 exd4 10. Nxd4 Re8 11. Re1 a5 12. Bf4 Ne5 13. Qe2 a4 14. Rad1 Qa5 15.
Nc2 Be6 16. Rxd6 Bxc4 17. Qd2 Be6 18. Bxe5 Qxe5 19. f4 Qc5+ 20. Kh2 Nd7 21. e5
Nb6 22. Ne3 Qa5 23. Rd1 Bf8 24. Ne4 Qxd2 25. Nf6+ Kh8 26. R6xd2 Rec8 27. Ne4
Bxa2 28. f5 Bb3 29. Rf1 Bh6 30. Re2 Nc4 31. Ng4 Bg7 32. f6 Bf8 33. Ng5 Nb6 34.
e6 Bxe6 35. Nxe6 fxe6 36. Rxe6 Re8 37. Rfe1 Rxe6 38. Rxe6 Nc4 39. Nf2 Nxb2 40.
Ne4 a3 41. Ng5 a2 42. Re4 a1=Q 43. Rh4 h6 0-1

[Event "Oberliga Ost B 2018 2019"]
[Site "?"]
[Date "2018.10.21"]
[Round "1.8"]
[White "Bluebaum, Johanna"]
[Black "Fischer, Dennis"]
[Result "1/2-1/2"]
[WhiteElo "1985"]
[BlackElo "1968"]
[PlyCount "143"]
[EventDate "2018.10.21"]
[EventType "team-tourn"]
[EventCountry "GER"]
[WhiteTeam "Marburg SK"]
[BlackTeam "Erfurt SV Medizin"]
[WhiteTeamCountry "GER"]
[BlackTeamCountry "GER"]

1. d4 Nf6 2. c4 d6 3. Nf3 g6 4. Nc3 Bg7 5. e4 O-O 6. Be2 Bg4 7. Be3 Nbd7 8. O-O
e5 9. d5 Nh5 10. Nd2 Bxe2 11. Nxe2 b6 12. Rb1 Qe8 13. b4 f5 14. f3 a5 15. a3
axb4 16. axb4 Ra3 17. Rb3 Qa8 18. Rxa3 Qxa3 19. Qb3 Qxb3 20. Nxb3 fxe4 21. fxe4
Rxf1+ 22. Kxf1 Ndf6 23. Nc3 Nf4 24. Nb5 Ne8 25. Nc1 Bf6 26. Kf2 Kf7 27. Kf3 g5
28. g3 Ng6 29. Kg4 h6 30. Nd3 Bd8 31. Kf3 Nf6 32. Nf2 Nh7 33. c5 bxc5 34. bxc5
Ke7 35. Ng4 h5 36. cxd6+ cxd6 37. Nh6 g4+ 38. Ke2 Kd7 39. Nf5 Be7 40. Kd3 Bf8
41. Bd2 Nh8 42. Na7 Nf7 43. Nc6 Nhg5 44. Nh4 Bh6 45. Nf5 Bf8 46. Nh4 Bh6 47.
Be3 Nh7 48. Nf5 Bxe3 49. Kxe3 Nf6 50. Nb8+ Kc7 51. Na6+ Kb6 52. Nb4 Kb5 53. Nd3
Kc4 54. Nf2 Kc5 55. Ng7 Ng5 56. Nxh5 Nxh5 57. Nxg4 Nh3 58. Nh6 Nf6 59. g4 Ng5
60. h4 Nfxe4 61. Nf7 Kxd5 62. hxg5 Nc5 63. g6 Ne6 64. Nd8 Ng7 65. g5 Nf5+ 66.
Kd3 e4+ 67. Ke2 Ke5 68. Nf7+ Ke6 69. Nh6 Ng7 70. Ke3 d5 71. Kd4 Nh5 72. Ng4
1/2-1/2

[Event "Oberliga Ost B 2018 2019"]
[Site "?"]
[Date "2018.10.21"]
[Round "1.1"]
[White "Zimmermann, Hendrik"]
[Black "Dubkov, Andrej"]
[Result "1/2-1/2"]
[WhiteElo "2200"]
[BlackElo "2342"]
[PlyCount "113"]
[EventDate "2018.10.21"]
[EventType "team-tourn"]
[EventCountry "GER"]
[WhiteTeam "Frankfurt SC Koenig Nied"]
[BlackTeam "Wiesbadener SV"]
[WhiteTeamCountry "GER"]
[BlackTeamCountry "GER"]

1. e4 c5 2. Nf3 e6 3. d4 cxd4 4. Nxd4 Bc5 5. Be3 Qb6 6. Nb5 Nc6 7. Bxc5 Qxc5 8.
Nc7+ Ke7 9. Nxa8 Nf6 10. Nc3 d6 11. Be2 Ne5 12. O-O Bd7 13. Nc7 Qxc7 14. Qd4 a6
15. Rad1 g5 16. Rd2 Rg8 17. f3 Rc8 18. Kh1 Qc5 19. Rfd1 Ne8 20. Qxc5 Rxc5 21.
Kg1 h5 22. a3 h4 23. Kf2 Bc6 24. Na2 Bd7 25. Nb4 Rc7 26. c3 Ba4 27. Rc1 Nf6 28.
Nc2 Bxc2 29. Rdxc2 Nfd7 30. Ke3 Nc5 31. b4 Ncd7 32. c4 Nc6 33. g3 hxg3 34. hxg3
e5 35. Rd2 a5 36. Rcd1 axb4 37. axb4 Nxb4 38. Rxd6 Nc2+ 39. Kf2 Nd4 40. R6xd4
exd4 41. Rxd4 Nb6 42. Ke3 f6 43. f4 gxf4+ 44. gxf4 Rc8 45. Kf3 Ra8 46. Rd2 Ra3+
47. Kg4 Rc3 48. Rb2 Nxc4 49. Rxb7+ Ke6 50. f5+ Kd6 51. Bxc4 Rxc4 52. Rb6+ Ke7
53. Re6+ Kf7 54. Kf4 Rc3 55. Rb6 Rc7 56. Ke3 Rd7 57. Kf4 1/2-1/2

[Event "Oberliga Ost B 2018 2019"]
[Site "?"]
[Date "2018.10.21"]
[Round "1.2"]
[White "Geske, Julian"]
[Black "Wege, Jochen"]
[Result "1-0"]
[WhiteElo "2378"]
[BlackElo "2296"]
[PlyCount "79"]
[EventDate "2018.10.21"]
[EventType "team-tourn"]
[EventCountry "GER"]
[WhiteTeam "Wiesbadener SV"]
[BlackTeam "Frankfurt SC Koenig Nied"]
[WhiteTeamCountry "GER"]
[BlackTeamCountry "GER"]

1. e4 e6 2. d4 d5 3. e5 c5 4. c3 Qb6 5. Nf3 Nc6 6. a3 Nh6 7. b4 cxd4 8. Bxh6
gxh6 9. cxd4 Bd7 10. Ra2 Rc8 11. Be2 Bg7 12. O-O O-O 13. Qd2 Ne7 14. Nc3 Rc7
15. Rc2 a6 16. Rfc1 Rfc8 17. Bd3 Ng6 18. h4 Bb5 19. Nxb5 Rxc2 20. Rxc2 Rxc2 21.
Qxc2 axb5 22. h5 Nf8 23. Qc5 Qa6 24. Bxb5 Qxa3 25. Be8 b6 26. Qxb6 Qc1+ 27. Kh2
Qf4+ 28. Kh1 f6 29. Qc7 fxe5 30. b5 Qf5 31. dxe5 d4 32. b6 d3 33. b7 d2 34.
Nxd2 Bxe5 35. b8=Q Bxc7 36. Qxc7 e5 37. Nf3 e4 38. Qg3+ Kh8 39. Ne5 Qc8 40.
Nf7# 1-0

[Event "Oberliga Ost B 2018 2019"]
[Site "?"]
[Date "2018.10.21"]
[Round "1.3"]
[White "Chandler, Patrick"]
[Black "Gottschalk, Jens"]
[Result "0-1"]
[WhiteElo "2144"]
[BlackElo "2287"]
[PlyCount "130"]
[EventDate "2018.10.21"]
[EventType "team-tourn"]
[EventCountry "GER"]
[WhiteTeam "Frankfurt SC Koenig Nied"]
[BlackTeam "Wiesbadener SV"]
[WhiteTeamCountry "GER"]
[BlackTeamCountry "GER"]

1. Nf3 d5 2. b4 e6 3. Bb2 Nf6 4. a3 c5 5. bxc5 Bxc5 6. e3 O-O 7. c4 dxc4 8.
Bxc4 b6 9. d4 Be7 10. Nbd2 Bb7 11. Qe2 Ne4 12. Nxe4 Bxe4 13. O-O Bf6 14. Rac1
a6 15. Nd2 Bb7 16. Rfd1 Nc6 17. Ne4 Na5 18. Nxf6+ Qxf6 19. Bd3 Qe7 20. e4 b5
21. Bc3 Qxa3 22. Qe1 Nc6 23. d5 exd5 24. exd5 Rfe8 25. Qd2 Ne5 26. Bb1 Qd6 27.
Qd4 f6 28. Bb4 Qd7 29. d6 Rac8 30. Ba2+ Kh8 31. Bc5 Qc6 32. Bd5 Qxd5 33. Qxd5
Bxd5 34. Rxd5 Nd7 35. f4 Re4 36. g3 Kg8 37. Kg2 Kf7 38. Kf3 Re6 39. Ba3 Rxc1
40. Bxc1 Re1 41. Bd2 Rd1 42. f5 Ke8 43. Ke2 Ra1 44. g4 Ra4 45. g5 Rh4 46. gxf6
Rxh2+ 47. Kf3 gxf6 48. Bf4 Rc2 49. Rd1 b4 50. Re1+ Kd8 51. Rg1 Kc8 52. Rg8+ Kb7
53. Rd8 Rc3+ 54. Ke2 Kc6 55. Rc8+ Kd5 56. Rd8 Rc4 57. Bg3 Nc5 58. Rb8 a5 59.
Rb6 Re4+ 60. Kf3 Re8 61. Bf2 Nd7 62. Rb5+ Kxd6 63. Rxa5 b3 64. Rb5 Rb8 65. Bg3+
Kc6 0-1

[Event "Oberliga Ost B 2018 2019"]
[Site "?"]
[Date "2018.10.21"]
[Round "1.4"]
[White "Nehmert, Ulrich"]
[Black "Uwira, Oliver"]
[Result "1/2-1/2"]
[WhiteElo "2218"]
[BlackElo "2188"]
[PlyCount "29"]
[EventDate "2018.10.21"]
[EventType "team-tourn"]
[EventCountry "GER"]
[WhiteTeam "Wiesbadener SV"]
[BlackTeam "Frankfurt SC Koenig Nied"]
[WhiteTeamCountry "GER"]
[BlackTeamCountry "GER"]

1. d4 Nf6 2. c4 e6 3. Nf3 d5 4. cxd5 exd5 5. Nc3 c6 6. Bg5 Be7 7. Qc2 g6 8. e3
Bf5 9. Bd3 Bxd3 10. Qxd3 O-O 11. O-O Nbd7 12. a3 a5 13. h3 Re8 14. Nd2 Ne4 15.
Bxe7 1/2-1/2

[Event "Oberliga Ost B 2018 2019"]
[Site "?"]
[Date "2018.10.21"]
[Round "1.5"]
[White "Staller, Peter"]
[Black "Minor, Samuel"]
[Result "1/2-1/2"]
[WhiteElo "2254"]
[BlackElo "2246"]
[PlyCount "74"]
[EventDate "2018.10.21"]
[EventType "team-tourn"]
[EventCountry "GER"]
[WhiteTeam "Frankfurt SC Koenig Nied"]
[BlackTeam "Wiesbadener SV"]
[WhiteTeamCountry "GER"]
[BlackTeamCountry "GER"]

1. Nf3 f5 2. g3 Nf6 3. Bg2 g6 4. b3 Bg7 5. Bb2 O-O 6. O-O d6 7. d4 c6 8. Nbd2
Na6 9. c4 e5 10. dxe5 Ng4 11. a3 dxe5 12. h3 e4 13. Bxg7 Kxg7 14. hxg4 exf3 15.
exf3 fxg4 16. fxg4 Qd4 17. Ne4 Qxd1 18. Raxd1 Bxg4 19. Rd4 Rad8 20. Nd6 h5 21.
f3 Be6 22. Rfd1 Rb8 23. Re4 Kf6 24. Rde1 Nc7 25. R4e3 Bg8 26. Ne4+ Kg7 27. Nc5
Rf7 28. Bh3 b6 29. Ne6+ Nxe6 30. Bxe6 Rf6 31. Bxg8 Kxg8 32. Rd1 Rb7 33. Kg2 Kf7
34. Rd8 c5 35. Rh8 Kg7 36. Rd8 Kf7 37. Rh8 Kg7 1/2-1/2

[Event "Oberliga Ost B 2018 2019"]
[Site "?"]
[Date "2018.10.21"]
[Round "1.6"]
[White "Kayser, Felix"]
[Black "Graf, Gerd"]
[Result "1/2-1/2"]
[WhiteElo "2154"]
[BlackElo "2236"]
[PlyCount "76"]
[EventDate "2018.10.21"]
[EventType "team-tourn"]
[EventCountry "GER"]
[WhiteTeam "Wiesbadener SV"]
[BlackTeam "Frankfurt SC Koenig Nied"]
[WhiteTeamCountry "GER"]
[BlackTeamCountry "GER"]

1. e4 e6 2. d4 d5 3. exd5 exd5 4. Bd3 c5 5. Qe2+ Be7 6. dxc5 Nf6 7. Nf3 O-O 8.
O-O Bxc5 9. Bg5 Bg4 10. h3 Be6 11. Nbd2 Nc6 12. Nb3 Bb6 13. Qd2 h6 14. Bh4 a5
15. c3 a4 16. Nbd4 Nxd4 17. Nxd4 Bxd4 18. cxd4 Ne4 19. Bxe4 Qxh4 20. Bf3 g5 21.
Rfe1 Rfc8 22. Rac1 Qf4 23. Qxf4 gxf4 24. Kf1 Kf8 25. Ke2 Ke7 26. Kd2 Kd6 27. a3
Rab8 28. Rh1 b6 29. h4 Rxc1 30. Rxc1 Rg8 31. Ke2 Bf5 32. Rc3 Re8+ 33. Kd2 Rg8
34. b3 axb3 35. Rxb3 Kc6 36. Rc3+ Kd6 37. Rb3 Kc6 38. Rc3+ Kd6 1/2-1/2